Egypt and Austria XII - Egypt and the Orient : the current research : proceedings of the conference held at the Faculty of Croatian Studies, University of Zagreb (September 17th-22nd, 2018) /

The 12th Egypt and Austria Conference (Zagreb, September 2018) saw 39 presentations on current research related to the interactions between Egypt and the states of the former Habsburg Monarchy and the Ottoman Empire up to the middle of the 20th century. 26 papers are presented in this proceedings vo...

Full description

Saved in:

Corporate Authors: Egypt and Austria (Conference) University of Zagreb), Egypt and Austria Society (associated with work.)

Other Authors: Tomorad, Mladen (Editor)

Format: Conference Proceeding eBook

Language: English

Published: Summertown, Oxford : Archaeopress Publishing Ltd, 2020.

Subjects:

Online Access: Login to view Source

Tags: Add Tag

No Tags, Be the first to tag this record!

Call Number: DT48

LEADER 02192nam a2200433 i 4500
001 EDZ0002342143
003 StDuBDS
005 20230412182937.0
006 m|||||o||d||||||||
007 cr |||||||||||
008 200928s2020 enka fo 100|0|eng|d
020 |a 9781789697650 (ebook) :  |c No price 
040 |a StDuBDS  |b eng  |c StDuBDS  |e rda  |e pn 
050 4 |a DT48 
082 0 4 |a 932.0072  |2 23 
111 2 |a Egypt and Austria (Conference)  |n (12th :  |d 2018 :  |c University of Zagreb),  |j creator. 
245 1 0 |a Egypt and Austria XII - Egypt and the Orient :  |b the current research : proceedings of the conference held at the Faculty of Croatian Studies, University of Zagreb (September 17th-22nd, 2018) /  |c edited by Mladen Tomorad. 
264 1 |a Summertown, Oxford :  |b Archaeopress Publishing Ltd,  |c 2020. 
300 |a 1 online resource (418 pages) :  |b illustrations (black and white, and colour) 
336 |a text  |2 rdacontent 
336 |a still image  |2 rdacontent 
337 |a computer  |2 rdamedia 
338 |a online resource  |2 rdacarrier 
500 |a Also issued in print: 2020. 
500 |a Conference proceedings. 
520 8 |a The 12th Egypt and Austria Conference (Zagreb, September 2018) saw 39 presentations on current research related to the interactions between Egypt and the states of the former Habsburg Monarchy and the Ottoman Empire up to the middle of the 20th century. 26 papers are presented in this proceedings volume. 
521 |a Specialized. 
588 |a Description based on online resource; title from PDF title page (viewed on September 28, 2020). 
651 0 |a Egypt  |x Description and travel  |v Congresses. 
651 0 |a Egypt  |v In art  |v Congresses. 
651 0 |a Egypt  |x In literature  |v Congresses. 
700 1 |a Tomorad, Mladen,  |e editor. 
710 2 |a Egypt and Austria Society,  |e associated with work. 
710 2 |a Sveučilište u Zagrebu,  |e host institution. 
776 0 8 |i Print version :  |z 9781789697643 
856 4 0 |3 Archaeopress  |u http://library.arce.org:8087/Archaeopress/Products/9781789697643 
942 |2 lcc  |c EBOOK 
952 |0 0  |1 0  |4 0  |6 DT0048  |7 1  |9 46761  |a ARCH  |b ARCH  |d 2023-04-12  |l 0  |o DT48  |r 2023-04-12 00:00:00  |w 2023-04-12  |y EBOOK 
999 |c 52419  |d 52419